00585nam a22002177a 45000010005000000030006000050050017000110080041000280200018000690400029000870500008001160820010001241000015001342450042001492600049001913000049002404900021002895050008003105210029003185210020003477511FISKH20250722145742.0250722b cb ||||| |||| 00| 0 eng d a9781842392331 aFISKHbengcFISKHdFISKH aPZ7 a398.2 aAlligator  aBeauty and the beast /cBy Alligator  aLondon : bAlligator Books Limited , c2005. a20 pages : bcolor illustrations ;c24 cm .  aA princess tale  aK 8 a510 bLexile estimate 8 aK bRaz-Plus